Normal view
MARC view
- Gracey,J.F
Entry Personal Name
001 - CONTROL NUMBER
- control field: 545
003 - CONTROL NUMBER IDENTIFIER
- control field: OSt
005 - DATE AND TIME OF LATEST TRANSACTION
- control field: 20160622112304.0
008 - FIXED-LENGTH DATA ELEMENTS
- fixed length control field: 160622|| aca||aabn | a|a d
040 ## - CATALOGING SOURCE
- Original cataloging agency: OSt
- Transcribing agency: OSt
100 ## - HEADING--PERSONAL NAME
- Personal name: Gracey,J.F
670 ## - SOURCE DATA FOUND
- Source citation: Work cat.: (OSt): Gracey,J.F, Meat Hygiene, 2009
